Pick-a-Stan Quiz Stats

Quiz Updated Sep 26, 2015

Challenge
Share
Tweet
Score 0/20 Timer 05:00
0 Plays Today
% Correct
Score! Wayne Gretzky won NHL's Stanley Cup four times.
86.5%
Excelsior! Stan Lee and Jack Kirby created Spiderman.
82.3%
Kazakhstan occupies over 13 times as much land area as Kyrgyzstan.
79.1%
Correct! A is Stan Marsh.
77.7%
Yup. B is Stan 'the Man' Musial.
77%
Yes, a Stanley knife is a retractable blade utility knife.
75.7%
Yes, Marlon Brando played Stanley Kowalski on Broadway and in film.
74.9%
Salute! B is the flag of Pakistan.
73.3%
Yes. 'Stand by Me' was based on Stephen King's novella 'The Body'.
69.4%
Bravo! Full Metal Jacket was directed by Kubrick.
68.7%
% Correct
Correct. Both the amoeba and the paramecium are protists.
68.4%
Correct, stanchions are holding up the velvet rope.
67.6%
Correct! B is Stan Laurel.
66.6%
Yahoo! A stanchion is the structure that holds a cow's head during milking.
65.4%
Indeed, A is Stanford University.
61.8%
Correct! A is the formula for standard deviation.
58.2%
Absolutely. A is Stannis Baratheon
57.5%
Rock on! B is Paul Stanley, also known as Starchild.
56.4%
Yup. Tashkent is the capital and most populous city in Uzbekistan.
40.9%
Yes. This rock formation is found in Kazakhstan.
40.9%

You're not logged in!

Compare scores with friends on all Sporcle quizzes.
Join for Free
OR
Log In

You Might Also Like...

Show Comments

Extras

Top Quizzes Today


Score Distribution

Your Account Isn't Verified!

In order to create a playlist on Sporcle, you need to verify the email address you used during registration. Go to your Sporcle Settings to finish the process.

Report this User

Report this user for behavior that violates our Community Guidelines.

Details: